01442nam0a22002411 4500001001100000005001700011021001900028035002600047100004100073101000800114102000700122105001800129200052900147210003800676215001500714300007700729607015400806702003200960712014800992801001801140801002201158852002001180rc\477599820260408075113.0 aRUb[63-65887] a(NLR Aleph) 009025868 a20130417d1963 |||y0rusy50 ca0 arus aRU ay z |||||1 aОсновные показатели лечебно-диагностического обслуживания больных на курортах Кавказских Минеральных Вод за 1957-1961 годыe(Информ.-метод. материалы)e[Утв. Учен. советом М-ва здравоохранения РСФСР 1/III 1963 г.]fМ-во здравоохранения РСФСР. Пятигор. науч.-исслед. ин-т курортологии и физиотерапии aПятигорскcБ. и.d1963 a37 с.d20 aНа обороте тит. л. сост.: доц. М.З. Хайкин aКавказские Минеральные Воды, группа курортовxМедико-санитарное обслуживание2psbo 1aХайкинbМ.З.422001aРСФСРbМинистерство здравоохраненияbУченый медицинский совет3RU\NLR\AUTH\8810069538 0aRUbNLRgpsbo 1aRUbELAR2rusmarc aNLRj63-4/14476